The Dinner Party (Record no. 533549)
[ view plain ]
| 000 -LEADER | |
|---|---|
| fixed length control field | 00194nam a22000977a 4500 |
| 040 ## - CATALOGING SOURCE | |
| Transcribing agency | dlc |
| 082 ## - DEWEY DECIMAL CLASSIFICATION NUMBER | |
| Classification number | 813.52 |
| 100 ## - MAIN ENTRY--PERSONAL NAME | |
| Personal name | Howard Fast |
| 9 (RLIN) | 27491 |
| 245 ## - TITLE STATEMENT | |
| Title | The Dinner Party |
| 942 ## - ADDED ENTRY ELEMENTS (KOHA) | |
| Source of classification or shelving scheme | |
| Koha item type | Book |
| Withdrawn status | Lost status | Source of classification or shelving scheme | Damaged status | Not for loan | Permanent Location | Current Location | Date acquired | Total Checkouts | Full call number | Barcode | Date last seen | Price effective from | Koha item type |
|---|---|---|---|---|---|---|---|---|---|---|---|---|---|
| School of Civil and Environmental Engineering (SCEE) | School of Civil and Environmental Engineering (SCEE) | 01/10/2020 | 813.52 | NIT-9155 | 01/10/2020 | 01/10/2020 | Book |
